Osobennosti razvitija mežotraslevych proizvodstv.

Nízka úroveň špecializácie v strojárstve a potreba rozvoja medziodvetvových výrob. Špecializácia v oblasti technológie. Nedostatky v ekonomickej stimulácii. Štruktúra podnikov podľa veľkosti. Miesto centrálnych orgánov v riadení ekonomiky.

Salvato in:
Dettagli Bibliografici
Autore principale: Tušunov, D.
Altri autori: Tušunov, Ju
Natura: Capitolo di libro
Lingua:russo
Soggetti:
Tags: Aggiungi Tag
Nessun Tag, puoi essere il primo ad aggiungerne!!

MARC

LEADER 00000naa a2200000 4500
001 r004264
005 20221130103804.3
041 0 |a rus 
044 |a [SU] 
245 1 0 |a Osobennosti razvitija mežotraslevych proizvodstv.  |c D. Tušunov, Ju. Tušunov 
520 |a Nízka úroveň špecializácie v strojárstve a potreba rozvoja medziodvetvových výrob. Špecializácia v oblasti technológie. Nedostatky v ekonomickej stimulácii. Štruktúra podnikov podľa veľkosti. Miesto centrálnych orgánov v riadení ekonomiky. 
610 2 0 |a vzťahy medziodvetvové 
610 2 0 |a špecializácia výroby 
610 2 0 |a priemysel strojársky 
610 2 0 |a technológia 
610 2 0 |a stimulovanie ekonomické 
610 2 0 |a podnik 
610 2 0 |a ZSSR 
610 2 0 |a riadenie NH 
100 1 |a Tušunov, D. 
700 1 |a Tušunov, Ju.